Capitalism and underdevelopment in Latin America : (Record no. 42809)
[ view plain ]
| 000 -LEADER | |
|---|---|
| fixed length control field | 00806nam a2200253 a 4500 |
| 001 - CONTROL NUMBER | |
| control field | 42809 |
| 003 - CONTROL NUMBER IDENTIFIER | |
| rucl marc code | BD-RjUL |
| 005 - DATE AND TIME OF LATEST TRANSACTION | |
| control field | 20211209053609.0 |
| 008 - FIXED-LENGTH DATA ELEMENTS--GENERAL INFORMATION | |
| fixed length control field | 160616s19691967enk 001 0 eng d |
| 035 ## - SYSTEM CONTROL NUMBER | |
| System control number | (BD-RjUL)42927 |
| System control number | 731464 |
| 040 ## - CATALOGING SOURCE | |
| Original cataloging agency | ANL |
| Language of cataloging | eng |
| Transcribing agency | ANL |
| Modifying agency | BD-RjUL |
| 041 ## - LANGUAGE CODE | |
| Language code of text/sound track or separate title | eng |
| 082 04 - DEWEY DECIMAL CLASSIFICATION NUMBER | |
| Classification number | 330.98 |
| Edition number | 23 |
| Author mark and year | FRC 1969 |
| 100 1# - MAIN ENTRY--PERSONAL NAME | |
| Personal name | Frank, Andre Gunder |
| Dates associated with a name | 1929- |
| 9 (RLIN) | 131561 |
| 245 10 - TITLE STATEMENT | |
| Title | Capitalism and underdevelopment in Latin America : |
| Remainder of title | historical studies of Chile and Brazil / |
| Statement of responsibility, etc. | Andre Gunder Frank |
| 260 ## - PUBLICATION, DISTRIBUTION, ETC. (IMPRINT) | |
| Place of publication, distribution, etc. | [Harmondsworth, Eng.] : |
| Name of publisher, distributor, etc. | Penguin Books, |
| Date of publication, distribution, etc. | 1969 |
| 300 ## - PHYSICAL DESCRIPTION | |
| Pagination | xxiii, 368 p. ; |
| Size | 18 cm. |
| 490 0# - SERIES STATEMENT | |
| Series statement | Pelican Latin American library |
| 500 ## - GENERAL NOTE | |
| General note | Index |
| 651 #0 - SUBJECT ADDED ENTRY--GEOGRAPHIC NAME | |
| Geographic name | Chile |
| General subdivision | Economic conditions. |
| 9 (RLIN) | 130475 |
| Geographic name | Brazil |
| General subdivision | Economic conditions. |
| 9 (RLIN) | 131562 |
| 942 ## - ADDED ENTRY ELEMENTS (KOHA) | |
| Source of classification or shelving scheme | Dewey Decimal Classification |
| Koha item type | Books |
| Lost status | Source of classification or shelving scheme | Damaged status | Not for loan | Collection code | Permanent Location | Current Location | Shelving location | Date acquired | Source of acquisition | Cost, normal purchase price | Total Checkouts | Full call number | Date last seen | Copy number | Koha item type |
|---|---|---|---|---|---|---|---|---|---|---|---|---|---|---|---|
| Dewey Decimal Classification | Non-fiction | Central Library, University of Rajshahi | Central Library, University of Rajshahi | 06/09/1972 | Swets & Zeithinger | 2.90 | 330.98 FRC 1969 | 16/06/2016 | C-2 | Books |